[Event "FSIMA August"]
[Site "Budapest HUN"]
[Date "2005.08.09"]
[Round "4"]
[White "Hoang Tri"]
[Black "Szeberenyi,A"]
[Result "1/2-1/2"]
[WhiteElo "2207"]
[BlackElo "2396"]

1.d4 Nf6 2.Bg5 d5 3.Bxf6 gxf6 4.c4 dxc4 5.e3 c5 6.Bxc4 cxd4 7.exd4 Bg7 8.Bb5+ Bd7
9.Bxd7+ Qxd7 10.Nc3 O-O 11.Nge2 Rd8 12.O-O Nc6 13.d5 Ne5 14.b3 f5 15.Qd2 Rac8
16.Rad1 Qc7 17.Qf4 Ng6 18.Qxc7 Rxc7 19.Nb5 Rc5 20.d6 e6 21.a4 a6 22.Na3 Bf8
23.Nc4 b5 24.axb5 axb5 25.Na5 Rxd6 26.Rxd6 Bxd6 27.Nb7 Rd5 28.Nc3 Rd3 29.Nxd6 Rxc3
30.Nxb5 Rxb3 31.Nd6 Ne5 32.f4 Ng4 33.h3 Ne3 34.Rf3 Rd3 35.Kh2 Rxd6 36.Rxe3 Rd4
37.g3 Rd2+ 38.Kg1 h5 39.h4 Kf8 40.Ra3 Ke7 41.Ra7+ Rd7 42.Ra8 Kf6 43.Kf2 Kg7
44.Ke3 Rb7 45.Ra6 Rb3+ 46.Kf2 Rb7 47.Ke3 Re7 48.Kd4 f6 49.Ra5 Kf7 50.Rb5 Rd7+
51.Ke3 Ra7 52.Rc5 Ke7 53.Rc8 Kf7 54.Rc5 Ke7 55.Rc8 Kf7 56.Rc5 Re7 57.Kd4 Ke8
58.Ra5 Rb7 59.Ke3 Ke7 60.Ra8 e5 61.fxe5 fxe5 62.Rh8 Rb3+ 63.Kf2 Rb2+ 64.Ke3 Kf6
65.Rh6+ Kg7 66.Rxh5 Rb3+ 67.Kf2 Kg6 68.Rg5+ Kf6 69.g4 Rb2+ 70.Kf1 f4 71.Rf5+ Ke6
72.h5 Rb8 73.h6 Rh8 74.Rh5 Kf6 75.Kf2 Kg6 76.Kf3 Rxh6 77.Rxe5 Rh1 78.Kxf4 Rf1+
79.Kg3 Rg1+ 80.Kf3 Rf1+ 81.Kg2 Ra1  1/2-1/2

[Event "American Continental"]
[Site "Buenos Aires ARG"]
[Date "2005.08.09"]
[Round "4"]
[White "Giampa,A"]
[Black "Alzate,D"]
[Result "0-1"]
[WhiteElo "2243"]
[BlackElo "2415"]

1.d4 Nf6 2.Bg5 g6 3.Bxf6 exf6 4.g3 Bg7 5.Bg2 O-O 6.e3 f5 7.Ne2 d6 8.c4 Nd7
9.Nbc3 Nf6 10.O-O Re8 11.Qd3 Rb8 12.b4 h5 13.b5 Bd7 14.Rab1 Bh6 15.Nd5 h4
16.c5 hxg3 17.hxg3 Ng4 18.Ndf4 Bf8 19.c6 Bc8 20.cxb7 Bxb7 21.Bxb7 Rxb7 22.Rbc1 Bh6
23.Rc6 Qf6 24.Rfc1 Bxf4 25.Nxf4 Qh8 26.R6c2 Re4 27.Kf1 Kg7 28.Ke1 Qh2 29.Re2 a6
30.bxa6 Qg1+ 31.Kd2 Rb2+ 32.Rc2 Nxf2  0-1

[Event "American Continental"]
[Site "Buenos Aires ARG"]
[Date "2005.08.09"]
[Round "4"]
[White "Castro,O"]
[Black "Hernandez,Gi"]
[Result "1/2-1/2"]
[WhiteElo "2385"]
[BlackElo "2518"]

1.d4 Nf6 2.Bg5 c5 3.d5 e5 4.Nc3 d6 5.e4 Be7 6.Nf3 O-O 7.Be2 Nbd7 8.Be3 Ne8
9.h4 a6 10.a4 b6 11.h5 Rb8 12.Nd2 Bg5 13.Bxg5 Qxg5 14.g3 f5 15.h6 g6 16.Nf3 Qe7
17.Qd2 f4 18.g4 Nc7 19.g5 Rb7 20.Rg1 b5 21.axb5 axb5 22.Ra5 c4 23.b4 cxb3
24.cxb3 Nc5 25.Qc2 Bd7 26.b4 Na4 27.Kd2 Rc8 28.Rc1 Na8 29.Qb3 Rbc7 30.Na2 Rxc1
31.Nxc1 N8b6 32.Na2 Nc4+ 33.Bxc4 bxc4 34.Qa3 c3+ 35.Kc2 Qe8 36.Nc1 Nb6 37.Ra7 Ba4+
38.Kb1 Qb5 39.Ne1 Qf1 40.Rb7 c2+ 41.Ka1 Qxe1 42.Rxb6 Qxf2 43.Qh3 Qd4+ 44.Ka2 Qc4+
45.Kb2 Qc3+ 46.Ka2 Qc4+ 47.Ka1 Be8 48.Rb7 Qd4+ 49.Ka2 Qc4+ 50.Kb2 Qd4+ 51.Kb3 Qc4+  1/2-1/2

[Event "4th Chiuso Hotel Petra"]
[Site "Rome ITA"]
[Date "2005.08.09"]
[Round "6"]
[White "Miladinovic,I"]
[Black "Romanishin,O"]
[Result "0-1"]
[WhiteElo "2609"]
[BlackElo "2570"]

1.d4 Nf6 2.Bg5 d5 3.Nc3 c6 4.Qd2 Nbd7 5.f3 h6 6.Bf4 Nh5 7.Be3 e5 8.g4 Nhf6
9.O-O-O Nb6 10.b3 Nc4 11.bxc4 Ba3+ 12.Kb1 Qb6+ 13.Nb5 dxc4 14.Ka1 Qxb5 15.Rb1 Qa4
16.Bf2 c3 17.Qxc3 Be6 18.d5 Nxd5 19.Qb3 Qa5 20.c4 Bb4 21.Rc1 Nb6 22.e3 O-O-O
23.Ne2 Na4 24.a3 Bc3+ 25.Kb1 b5  0-1

[Event "Hotel Montesano Open A"]
[Site "Villa San Giovanni ITA"]
[Date "2005.08.09"]
[Round "3"]
[White "Seminara,A"]
[Black "Altieri,D"]
[Result "0-1"]
[WhiteElo "1907"]
[BlackElo "2012"]

1.d4 d5 2.Bg5 Nf6 3.e3 Bf5 4.Bd3 Bxd3 5.Qxd3 e6 6.Nc3 c6 7.Nf3 Nbd7 8.Ne5 Bd6
9.f4 Qc7 10.O-O Bb4 11.Bh4 Bxc3 12.bxc3 Ne4 13.c4 f5 14.c5 Nxe5 15.fxe5 g5
16.Be1 h5 17.a4 h4 18.c4 Qd7 19.Rb1 h3 20.g3 O-O 21.a5 Qg7 22.cxd5 cxd5 23.a6 Rab8
24.Kh1 f4 25.gxf4 Qh7 26.Kg1 gxf4 27.exf4 bxa6 28.Bg3 Qg7 29.Qxa6 Qg6 30.Qd3 Rxb1
31.Qxb1 Qg4 32.Qd1 Qg7 33.Kh1 Qg6 34.Rg1 Kh7 35.Bh4 Nf2+  0-1

[Event "American Continental"]
[Site "Buenos Aires ARG"]
[Date "2005.08.10"]
[Round "5"]
[White "Cordova,Em"]
[Black "Perez Cascella,J"]
[Result "1-0"]
[WhiteElo "2422"]
[BlackElo "2209"]

1.d4 Nf6 2.Bg5 d5 3.e3 h6 4.Bxf6 exf6 5.g3 c6 6.Bg2 Qb6 7.b3 a5 8.a4 Nd7
9.Ne2 f5 10.O-O Nf6 11.c4 Be6 12.c5 Qc7 13.Nd2 Be7 14.Qc2 g5 15.Bh3 Qc8 16.b4 axb4
17.Rfb1 Bd8 18.Rxb4 Ba5 19.Rb3 Ra7 20.Nf1 O-O 21.Rab1 Re8 22.Nc1 Ne4 23.f3 g4
24.fxe4 gxh3 25.e5 f4 26.exf4 Bf5 27.Nd3 Be4 28.Qd1 Bd8 29.Nf2 Bxb1 30.Rxb1 Qf5
31.Ne3 Qg6 32.f5 Qg5 33.Rb3 Rxa4 34.Nxh3 Qg7 35.Rxb7 Bg5 36.Nxd5 Rea8 37.f6 Ra1
38.Ne7+ Kh7 39.Rb1 Be3+ 40.Kf1 Qg4 41.Qxg4 Rxb1+ 42.Ke2 Ra2+ 43.Kxe3  1-0

[Event "TCh-ESP Premier North"]
[Site "Barcelona ESP"]
[Date "2005.08.11"]
[Round "1"]
[White "Gonzalez Valero,J"]
[Black "Baron Rodriguez,Je"]
[Result "0-1"]
[WhiteElo "2288"]
[BlackElo "2445"]

1.d4 Nf6 2.Bg5 d5 3.Bxf6 exf6 4.e3 Bd6 5.c4 dxc4 6.Bxc4 O-O 7.Nc3 f5 8.Nf3 Nd7
9.O-O Nf6 10.Qc2 c6 11.Rfd1 Qe7 12.a3 g6 13.d5 Bd7 14.Qb3 b5 15.Bf1 a6 16.g3 Rfd8
17.Bg2 c5 18.a4 Ne4 19.axb5 Nxc3 20.bxc3 axb5 21.Ra2 Rdb8 22.Rda1 Rxa2 23.Rxa2 h5
24.Ra7 Qd8 25.Qa2 Be8 26.h4 b4 27.cxb4 cxb4 28.Qb3 Ra8 29.Rxa8 Qxa8 30.Nd4 Qa1+
31.Bf1 Ba4 32.Qc4 Qa3 33.Qc8+ Kg7 34.Qb7 b3 35.Ne6+ Kf6 36.Ng5 Be7 37.e4 Qb4
38.Qxb4 Bxb4 39.Bd3 fxe4 40.Bxe4 Bd7  0-1

[Event "American Continental"]
[Site "Buenos Aires ARG"]
[Date "2005.08.11"]
[Round "6"]
[White "Cordova,Em"]
[Black "Kudrin,S"]
[Result "1/2-1/2"]
[WhiteElo "2422"]
[BlackElo "2559"]

1.d4 Nf6 2.Bg5 d5 3.Nd2 Nbd7 4.Ngf3 g6 5.c4 e6 6.e4 h6 7.Bxf6 Nxf6 8.e5 Ne4
9.Bd3 Nxd2 10.Qxd2 dxc4 11.Bxc4 Bg7 12.O-O O-O 13.Qe2 Bd7 14.Rfd1 Bc6 15.Rac1 Qe7
16.d5 Bxd5 17.Bxd5 exd5 18.Rxd5 Rad8 19.Rdc5 c6 20.h3 Rd7 21.R5c3 Rd5 22.Re3 Qe6
23.Re1 Re8 24.Qc2 Red8  1/2-1/2

[Event "American Continental"]
[Site "Buenos Aires ARG"]
[Date "2005.08.13"]
[Round "8"]
[White "Cordova,Em"]
[Black "Felgaer,R"]
[Result "1/2-1/2"]
[WhiteElo "2422"]
[BlackElo "2618"]

1.d4 Nf6 2.Bg5 c5 3.d5 Ne4 4.Bc1 e6 5.c4 d6 6.Nd2 exd5 7.cxd5 Qa5 8.f3 Nf6
9.e4 Be7 10.Ne2 b5 11.Ng3 h5 12.a4 a6 13.b4 cxb4 14.Bb2 h4 15.Ne2 O-O 16.Nd4 Nh5
17.axb5 Qd8 18.bxa6 Ra7 19.Qb3 Bf6 20.Qxb4 Bxa6 21.Nf5 g6 22.Nh6+ Kh7 23.Ng4 Bxb2
24.Qxb2 f5 25.Ne3 Rb7 26.Qd4 Bxf1 27.Kxf1 Nd7 28.exf5 gxf5 29.Kf2 Nc5 30.Rhb1 Rg7
31.Nb3 Nd7 32.Ra4 Qe8 33.Ra7 Qg6 34.Rc1 h3  1/2-1/2

[Event "American Continental"]
[Site "Buenos Aires ARG"]
[Date "2005.08.13"]
[Round "8"]
[White "Labollita,M"]
[Black "Nogueiras,J"]
[Result "0-1"]
[WhiteElo "2383"]
[BlackElo "2541"]

1.d4 Nf6 2.Bg5 d5 3.Bxf6 gxf6 4.c4 dxc4 5.e4 Bg7 6.Bxc4 O-O 7.Ne2 c5 8.d5 f5
9.O-O Nd7 10.Nbc3 Kh8 11.Bb3 Nb6 12.Qd3 fxe4 13.Qxe4 Qd6 14.Rad1 Bd7 15.a4 a5
16.Nf4 Qe5 17.Qf3 Qf5 18.Ba2 Be5 19.Nce2 Qg5 20.Bb1 Qh6 21.Qe3 Qd6 22.Qe4 f5
23.Qf3 Nxa4 24.Ne6 Nxb2 25.Nxf8 Rxf8 26.Rc1 Bxh2+ 27.Kh1 Qh6 28.Qh3 Qxh3
29.gxh3 Bd6 30.Rc2 Na4 31.Ra2 b5 32.Rd1 f4 33.Bc2 f3 34.Ng1 Nc3 35.Rxa5 Nxd1
36.Bxd1 b4 37.Bxf3 b3 38.Ra7 Bf5 39.Rb7 Rb8 40.Rxb8+ Bxb8  0-1

[Event "9th Open"]
[Site "Genova ITA"]
[Date "2005.08.13"]
[Round "7"]
[White "Brancaleoni,M"]
[Black "Hendriks,W"]
[Result "1/2-1/2"]
[WhiteElo "2314"]
[BlackElo "2415"]

1.d4 Nf6 2.Bg5 c5 3.Nc3 cxd4 4.Qxd4 Nc6 5.Qh4 d6 6.e4 Qa5 7.O-O-O h6 8.Bxf6 gxf6
9.f4 Be6 10.Kb1 f5 11.exf5 Qxf5 12.Bd3 Qg4 13.Qf2 Bg7 14.Nge2 Bf5 15.h3 Qg6
16.Nd5 Rc8 17.Bxf5 Qxf5 18.Ng3 Qh7 19.Nh5 Kf8 20.f5 Be5 21.g4 Rg8 22.Rhf1 Rg5
23.Qe2 Qh8 24.c3 Qg8 25.Qb5 Rb8 26.Rd2 a6 27.Qb6 f6 28.Qe3 Qf7 29.Nc7 Qc4
30.Ne6+ Kf7 31.Qe2 Qxe2 32.Nxg5+ hxg5 33.Rxe2 b5 34.Rf3 b4 35.Kc2 Rc8 36.Kd2 bxc3+
37.bxc3 Na5 38.Rd3 Rb8 39.Rd5 Rc8 40.Rd3 Rb8 41.Kc1 Nc4 42.Rc2 a5 43.Re2 Rb5
44.Rf3 a4 45.Kc2 d5 46.h4 gxh4 47.Rh3 Bd6 48.Rxh4 Rb2+ 49.Kd1 Rb1+ 50.Kc2 Ra1
51.g5 fxg5 52.Rg4 Rxa2+ 53.Kd1 Ra1+ 54.Kc2 Be5 55.Rxg5 Ra2+ 56.Kd1 Rxe2 57.Kxe2 Bxc3
58.f6 exf6 59.Rxd5 a3 60.Kd3 a2 61.Rd7+ Ke8 62.Nxf6+ Bxf6 63.Ra7 a1=Q 64.Rxa1 Bxa1
65.Kxc4  1/2-1/2

[Event "79th Anniv CAP"]
[Site "Posadas ARG"]
[Date "2005.08.13"]
[Round "3"]
[White "Chang,S"]
[Black "Espinoza,E"]
[Result "0-1"]
[WhiteElo "2071"]
[BlackElo "2255"]

1.d4 Nf6 2.Bg5 d5 3.e3 Ne4 4.Bh4 Qd6 5.Nd2 Qh6 6.Nxe4 Qxh4 7.Nc3 c6 8.Nf3 Qh6
9.e4 dxe4 10.Nxe4 Bf5 11.Ng3 Bg4 12.Be2 Bxf3 13.Bxf3 e6 14.Qe2 Be7 15.O-O O-O
16.Nf5 Qf6 17.Nxe7+ Qxe7 18.Rad1 Qd6 19.c4 Nd7 20.Rfe1 Nf6 21.Rd3 Rad8 22.Red1 Rd7
23.Qe5 Rfd8 24.Be2 a6 25.h3 h6 26.f4 Ne8 27.b3 f6 28.Qe3 Nc7 29.Qf2 f5 30.Qe3 Kf7
31.g3 Rg8 32.Kh2 Rgd8 33.Bf3 g6 34.Kg2 Ne8 35.Kf2 Nf6 36.Qe5 Re7 37.a4 Qb4  0-1

[Event "Hotel Montesano Open A"]
[Site "Villa San Giovanni ITA"]
[Date "2005.08.13"]
[Round "7"]
[White "Seminara,A"]
[Black "Guidi,M"]
[Result "0-1"]
[WhiteElo "1907"]
[BlackElo "2079"]

1.d4 Nf6 2.Bg5 g6 3.Nc3 c5 4.d5 d6 5.Qd2 Bg7 6.e4 O-O 7.Be2 Bd7 8.h4 b5 9.Bxf6 exf6
10.Nxb5 Qb6 11.a4 a6 12.a5 Qb7 13.Nxd6 Qxb2 14.Rc1 Qe5 15.Nc4 Qxe4 16.Qe3 Qf5
17.Qf3 Bh6 18.Qxf5 Bxf5 19.Nd2 Nd7 20.g4 Be4 21.Bf3 Bxf3 22.Ngxf3 Rab8 23.O-O Rb5
24.c4 Rxa5 25.Ra1 Rxa1 26.Rxa1 Ra8 27.Ra5 Bf4 28.Ne4 Bc7 29.Ra2 a5 30.Kf1 a4
31.Ke2 a3 32.Kd3 Bf4 33.Kc3 Bc1 34.g5 Bb2+ 35.Kd3 f5 36.Nc3 Nb6 37.Nd2 Nd7
38.f4 Bc1 39.Kc2 Bb2 40.Nb5 Nb6 41.Kb3 Ra4 42.Nxa3 Rb4+ 43.Kc2 Bxa3 44.Rxa3 Nxc4
45.Rb3 Nd6 46.Rf3 Rd4 47.Kc3 Rxd5 48.Nb3 Ne4+ 49.Kc4 Rd1 50.Rd3 Nd6+ 51.Kc3  0-1

[Event "American Continental"]
[Site "Buenos Aires ARG"]
[Date "2005.08.15"]
[Round "10"]
[White "Duje,R"]
[Black "Lemos,D"]
[Result "1/2-1/2"]
[WhiteElo "2146"]
[BlackElo "2284"]

1.d4 Nf6 2.Bg5 g6 3.Bxf6 exf6 4.e3 Bg7 5.Nd2 O-O 6.g3 d5 7.Bg2 Re8 8.Ne2 c6
9.O-O Nd7 10.c4 dxc4 11.Nxc4 Nb6 12.Nxb6 Qxb6 13.Qd2 Bg4 14.Nf4 Rad8 15.b4 Bf8
16.a3 Bf5 17.Rfc1 Bh6 18.Rc4 Bxf4 19.gxf4 Be4 20.Bxe4 Rxe4 21.Qd3 Rde8 22.Qf1 a6
23.Rac1 h6 24.Qg2 Qd8 25.Kh1 Qd7 26.a4 Kg7 27.b5 cxb5 28.axb5 b6 29.Rc6 axb5
30.Rxb6 R8e6 31.Rb8 Re8 32.Rb6 R8e6 33.Rxe6 Rxe6 34.f5 Rb6 35.fxg6 fxg6 36.Qa8 Qb7+
37.Qxb7+ Rxb7 38.Kg2 f5 39.Kf3 b4 40.Rc2 Kf6 41.Ke2 Ke6 42.Kd3 g5 43.Rb2 g4
44.Kc4 Rc7+ 45.Kxb4 Rc1 46.f3 gxf3 47.Rf2 f4 48.exf4 Kd5 49.Rxf3 Kxd4 50.f5 Rb1+
51.Ka3 Rb7  1/2-1/2

[Event "15th ch-SLO"]
[Site "Ptuj SLO"]
[Date "2005.08.17"]
[Round "7"]
[White "Spelec,D"]
[Black "Bozic,Ma"]
[Result "1/2-1/2"]
[WhiteElo "2066"]
[BlackElo "2130"]

1.d4 Nf6 2.Bg5 g6 3.Bxf6 exf6 4.e3 Bg7 5.g3 O-O 6.Bg2 c5 7.d5 d6 8.c4 f5
9.Nc3 Qa5 10.Ne2 a6 11.Qb3 b5 12.O-O Bb7  1/2-1/2

[Event "ch-AUT Qualifier"]
[Site "Gmunden AUT"]
[Date "2005.08.20"]
[Round "8"]
[White "Aschenbrenner,R"]
[Black "Neuschmied,S"]
[Result "0-1"]
[WhiteElo "2265"]
[BlackElo "2220"]

1.d4 Nf6 2.Bg5 d5 3.Nc3 c5 4.a3 Bf5 5.e3 e6 6.Nf3 Nc6 7.Bb5 Rc8 8.O-O Be7
9.dxc5 Bxc5 10.Nh4 h6 11.Bxf6 Qxf6 12.Nxf5 Qxf5 13.Bd3 Qg5 14.e4 O-O 15.Kh1 Bd4
16.f4 Qd8 17.exd5 exd5 18.Ne2 Bxb2 19.Rb1 Bxa3 20.Rxb7 Rb8 21.Rxb8 Qxb8 22.Ng3 Qd6
23.Qg4 Bb2 24.Qf5 g6 25.Qh3 Bg7 26.f5 Ne5 27.Qh4 Rb8 28.Qa4 Nxd3 29.cxd3 a6
30.Qg4 Rb4 31.Qf3 Kh7 32.Qe2 Rh4 33.fxg6+ fxg6 34.Rf7 Rf4 35.Rxf4 Qxf4 36.Nf1 a5
37.g3 Qd4 38.Nd2 h5 39.Nf3 Qa1+ 40.Kg2 Qb2  0-1

[Event "ch-AUT Qualifier"]
[Site "Gmunden AUT"]
[Date "2005.08.21"]
[Round "9"]
[White "Ennsberger,U"]
[Black "Stadler,P"]
[Result "1-0"]
[WhiteElo "2280"]
[BlackElo "2200"]

1.d4 Nf6 2.Bg5 g6 3.Bxf6 exf6 4.g3 d5 5.Bg2 c6 6.e3 Bd6 7.Ne2 Be6 8.Nd2 f5
9.c3 Qb6 10.Qc2 Nd7 11.O-O O-O 12.c4 dxc4 13.Nxc4 Bxc4 14.Qxc4 Nf6 15.Nc3 Rac8
16.Rfc1 Rce8 17.Qd3 Re7 18.Rab1 a5 19.a3 Kg7 20.b4 axb4 21.axb4 Rc8 22.b5 Qd8
23.bxc6 bxc6 24.Na4 Nd5 25.Bxd5 cxd5 26.Qb5 Rxc1+ 27.Rxc1 Ra7 28.Rc6 Be7
29.Nb6 Rb7 30.Qa6 Rb8 31.Qa7 Bd6 32.Qd7 Qxd7 33.Nxd7 Rb1+ 34.Kg2 Be7 35.Rb6 Rc1
36.Rb5 Rc7 37.Rxd5 f6 38.Nb6 Kf7 39.Rd7 Rxd7 40.Nxd7 Ke6 41.Nb6 Bd8 42.Na4 Kd5
43.Nb2 Ba5 44.Kf1 g5 45.f3 h5 46.Ke2 g4 47.Nd3 Bc7 48.Ne1 f4 49.gxf4 f5 50.Kd3 h4
51.fxg4 fxg4 52.e4+ Ke6 53.Ke3 h3 54.Nd3 Bb6 55.Nf2  1-0

[Event "3rd Staunton Memorial"]
[Site "London ENG"]
[Date "2005.08.21"]
[Round "3"]
[White "Levitt,J"]
[Black "Howell,D"]
[Result "1/2-1/2"]
[WhiteElo "2441"]
[BlackElo "2471"]

1.d4 Nf6 2.Bg5 d5 3.Bxf6 exf6 4.e3 Bd6 5.g3 h5 6.h4 c6 7.Nd2 Nd7 8.c4 dxc4
9.Bxc4 Nb6 10.Be2 g6 11.Bf3 Qe7 12.Ne2 Kf8 13.Nc3 Kg7 14.Kf1 f5 15.Kg2 Be6
16.Rc1 Nd7 17.e4 fxe4 18.Ndxe4 Nf6 19.Ng5 Bf5 20.Re1 Qd7 21.Qa4 Rhe8 22.Rxe8 Qxe8
23.Qb3 Qd7 24.Re1 Re8 25.Rxe8 Nxe8 26.d5 c5 27.Nce4 b6 28.Qe3  1/2-1/2

[Event "V Open"]
[Site "Vila de Marin ESP"]
[Date "2005.08.21"]
[Round "1"]
[White "Hernandez,Hold"]
[Black "Barral Rubirosa,C"]
[Result "1-0"]
[WhiteElo "2458"]
[BlackElo "1948"]

1.d4 Nf6 2.Bg5 g6 3.Bxf6 exf6 4.e4 Bg7 5.Bd3 O-O 6.Ne2 d6 7.O-O Nc6 8.c3 Ne7
9.Ng3 h5 10.f4 h4 11.Ne2 f5 12.Nd2 fxe4 13.Nxe4 Bf5 14.Ng5 Qd7 15.Kh1 Rae8
16.Ng1 Nd5 17.Bxf5 Qxf5 18.Qf3 Bh6 19.N5h3 Re3 20.Qf2 Rfe8 21.Qxh4 Kg7 22.Qf2 R3e4
23.g3 Ne3 24.Rfc1 Ng4 25.Qf3 Qd5 26.Rc2 Qh5 27.Rg2 c6 28.Nf2 Nxf2+ 29.Rxf2 Re1
30.Qxh5 gxh5 31.Rxe1 Rxe1 32.Kg2 f5 33.Nf3 Re8 34.Kf1 Kf7 35.Re2 Re4 36.Nd2 Rxe2
37.Kxe2 h4 38.Nc4 Ke6  1-0

[Event "2nd Open Fincas Mediterranea"]
[Site "Castelldefels ESP"]
[Date "2005.08.22"]
[Round "6"]
[White "Castells Briones,M"]
[Black "Lerch Gallemi,J"]
[Result "0-1"]
[WhiteElo "2101"]
[BlackElo "2267"]

1.d4 Nf6 2.Bg5 d5 3.Bxf6 exf6 4.e3 g6 5.g3 h5 6.h4 Bg4 7.Qd3 Bd6 8.Bg2 c6
9.Nd2 Qb6 10.Qb3 O-O 11.Ngf3 Bxf3 12.Bxf3 f5 13.Qd3 Qa6 14.c4 Bb4 15.b3 Nd7
16.Rd1 Nf6 17.O-O Qxa2 18.Be2 Ne4 19.Nf3 Nc3 20.Rd2 Qxb3 21.Ne5 dxc4 22.Nxc4 Nxe2+  0-1

[Event "2nd Open Fincas Mediterranea"]
[Site "Castelldefels ESP"]
[Date "2005.08.24"]
[Round "8"]
[White "Sucher,J"]
[Black "Sprenger,W"]
[Result "1-0"]
[WhiteElo "2207"]
[BlackElo "2174"]

1.d4 d5 2.Bg5 Nf6 3.Nd2 e6 4.e3 Be7 5.Bd3 O-O 6.f4 c5 7.c3 b6 8.Ngf3 Ba6
9.Bxa6 Nxa6 10.Ne5 Qc8 11.O-O b5 12.Rf3 Rb8 13.Rh3 h6 14.Ng4 Qd8 15.Nxh6+ gxh6
16.Bxh6 Qc8 17.Qf3 e5 18.f5 Nh7 19.Qg4+ Bg5 20.Bxg5 f6 21.Bxf6+  1-0

[Event "13th Open"]
[Site "Nikaia GRE"]
[Date "2005.08.24"]
[Round "2"]
[White "Karayannis,A"]
[Black "Vandoros,N"]
[Result "0-1"]
[WhiteElo "2387"]
[BlackElo "1968"]

1.d4 Nf6 2.Bg5 d5 3.c4 Nc6 4.Nc3 dxc4 5.d5 Ne5 6.Qd4 Ng6 7.e4 e5 8.Qxc4 Bd7
9.Qb3 Bc5 10.Nf3 O-O 11.Be2 a6 12.O-O h6 13.Be3 Bxe3 14.fxe3 Ng4 15.Nd1 Nh4
16.Qxb7 Nxf3+ 17.gxf3 Nxh2 18.Rf2 Qh4 19.Qb4 Rab8 20.Qc3 Rb6 21.Rxh2 Rg6+
22.Kh1 Bh3 23.Nf2 Bg2+ 24.Kg1 Bxf3+ 25.Kf1 Qxh2 26.Bxf3 Rg1+ 27.Ke2 Rxa1
28.Bg4 Rg1 29.Bh3 Rg3 30.Bd7 Rg2 31.Qe1 g5 32.Qf1 g4 33.Ke1 Rg1  0-1

[Event "zt 2.3"]
[Site "Guayaquil ECU"]
[Date "2005.09.09"]
[Round "6"]
[White "Hernandez Basante,F"]
[Black "Matamoros Franco,C"]
[Result "1/2-1/2"]
[WhiteElo "2265"]
[BlackElo "2504"]

1.d4 Nf6 2.Bg5 c5 3.Nc3 cxd4 4.Qxd4 Nc6 5.Qh4 b5 6.e4 a6 7.O-O-O d6 8.f4 b4
9.Bxf6 gxf6 10.Nd5 Qa5 11.Bc4 h5 12.Nf3 Ra7  1/2-1/2

[Event "Open A"]
[Site "Trieste ITA"]
[Date "2005.09.09"]
[Round "8"]
[White "Milinkovic,Z"]
[Black "Tonel,G"]
[Result "0-1"]
[WhiteElo "1980"]
[BlackElo "1793"]

1.d4 d5 2.Bg5 Nf6 3.Bxf6 exf6 4.Nf3 Bd6 5.e3 c6 6.Nbd2 Nd7 7.Be2 f5 8.O-O Nf6
9.c4 O-O 10.c5 Be7 11.b4 Ne4 12.Qc2 Re8 13.a4 g5 14.b5 Bf6 15.Nb3 h5 16.Nfd2 g4
17.Bd3 Bg5 18.Rfe1 Qf6 19.Nf1 Qg6 20.Kh1 h4 21.f3 gxf3 22.gxf3 Nf6 23.h3 Nh5
24.Qg2 Kh8 25.f4 Bh6 26.Qxg6 fxg6 27.Nbd2 g5 28.fxg5 Bxg5 29.Nf3 Bf6 30.Rab1 Rg8
31.a5 f4 32.Kh2 fxe3 33.Rxe3 Nf4 34.Ne5 Rg2+ 35.Kh1 Re2 36.bxc6 bxc6 37.Nxc6 Nxd3
38.Rxd3 Bf5 39.Rbd1 Be4+ 40.Kg1 Rg2+ 41.Kh1 Rd2+ 42.Kg1 Rg8+ 43.Rg3 Rxg3+
44.Nxg3 Rxd1+ 45.Nf1 Bd3 46.Kf2 Rxf1+ 47.Ke3 Be4 48.Nxa7 Rf3+ 49.Kd2 Bxd4
50.c6 Bxa7  0-1

[Event "FSGM September"]
[Site "Budapest HUN"]
[Date "2005.09.10"]
[Round "8"]
[White "Reiss,T"]
[Black "Paschall,W"]
[Result "1-0"]
[WhiteElo "2397"]
[BlackElo "2399"]

1.d4 Nf6 2.Bg5 d5 3.Bxf6 gxf6 4.c4 c5 5.cxd5 Qb6 6.dxc5 Qxb2 7.Nd2 Na6 8.Qc1 Qxc1+
9.Rxc1 b6 10.cxb6 axb6 11.e4 Bh6 12.Rxc8+ Rxc8 13.Bxa6 Rc1+ 14.Ke2 Bxd2 15.Kxd2 Ra1
16.Bb5+ Kd8 17.a4 Rg8 18.g3 f5 19.exf5 Kc7 20.Bd3 Rd8 21.Be4 Rxa4 22.Ke3 Ra1
23.Ne2 Rxh1 24.Bxh1 Kd6 25.Kd4 e6 26.fxe6 fxe6 27.f4 Ra8 28.Nc3 exd5 29.Bxd5 Ra1
30.f5 Rf1 31.f6  1-0

[Event "Autumn 1"]
[Site "Alushta UKR"]
[Date "2005.09.11"]
[Round "12"]
[White "Ponfilenok,V"]
[Black "Shtyrenkov,V"]
[Result "1-0"]
[WhiteElo "2271"]
[BlackElo "2459"]

1.d4 Nf6 2.Bg5 c5 3.d5 Ne4 4.Bf4 Qb6 5.Bc1 e6 6.f3 Qa5+ 7.c3 Nf6 8.e4 Qc7
9.c4 exd5 10.cxd5 a6 11.a4 d6 12.Nc3 Nbd7 13.f4 g6 14.Nf3 Bg7 15.Bc4 O-O
16.O-O Nb6 17.Ba2 Bg4 18.h3 Bxf3 19.Qxf3 Nfd7 20.e5 dxe5 21.f5 Nf6 22.Bg5 Nbd7
23.d6 Qc6 24.Nd5 Kh8 25.Nxf6 Qxf3 26.Rxf3 Bxf6 27.Bh6 Bg7 28.Bxg7+ Kxg7 29.f6+ Kg8
30.Bd5 Rab8 31.Rd1 Rfd8 32.g4 h6 33.h4 Re8 34.g5 e4 35.Rg3 Nb6 36.a5 Nxd5
37.Rxd5 Re6 38.d7 Rd8 39.Rb3 Rc6 40.Rxb7 hxg5 41.hxg5 c4 42.Re5 Kf8 43.Kf2 c3
44.bxc3 Rxc3 45.Ke2 Rc4 46.Ke3 Rc6 47.Rb4  1-0

[Event "FSIMB September"]
[Site "Budapest HUN"]
[Date "2005.09.11"]
[Round "9"]
[White "Mihok,L"]
[Black "Kahn,E"]
[Result "0-1"]
[WhiteElo "2201"]
[BlackElo "2307"]

1.d4 Nf6 2.Bg5 c5 3.d5 Qb6 4.Nc3 Qxb2 5.Bd2 Qb6 6.e4 d6 7.f4 Qc7 8.Bb5+ Bd7
9.Qe2 a6 10.Bxd7+ Nbxd7 11.a4 g6 12.Nf3 Bh6 13.O-O O-O 14.Rab1 Rfe8 15.Ng5 Bg7
16.a5 h6 17.Nf3 e6 18.dxe6 Rxe6 19.Qc4 b5 20.axb6 Nxb6 21.Qb3 Nbd7 22.f5 c4
23.Qa3 Ree8 24.fxg6 fxg6 25.Rfe1 Ng4 26.Nd1 d5 27.exd5 Nde5 28.d6 Nxf3+ 29.gxf3 Qa7+
30.Kg2 Qd4 31.Qc3 Qxd6 32.Qxc4+ Kh7 33.Bf4 Qd7 34.Nf2 Rxe1 35.Rxe1 Rc8 36.Qxa6 Rxc2
37.Re2 Qd4  0-1

[Event "4NCL 2006-07"]
[Site "Sunningdale ENG"]
[Date "2005.09.16"]
[Round "1"]
[White "Walton,A"]
[Black "Knott,S"]
[Result "1/2-1/2"]
[WhiteElo "2222"]
[BlackElo "2387"]

1.d4 Nf6 2.Bg5 c5 3.d5 d6 4.Nc3 h6 5.Bd2 e6 6.e4 exd5 7.exd5 a6 8.a4 g6 9.Nf3 Bg7
10.Bc4 O-O 11.O-O Bg4 12.h3 Bxf3 13.Qxf3 Nbd7 14.Bf4 Ne8 15.Rfe1 Ne5 16.Bxe5 Bxe5
17.Ne4 Qb6 18.Qe3 Qxb2 19.Rab1 Qd4 20.Qb3 b5 21.axb5 axb5 22.Bxb5 Nf6 23.c3 Qxe4
24.Rxe4 Nxe4 25.Re1 Nxc3 26.Rxe5 Nxb5 27.Re7 Nd4 28.Qd3 h5 29.g4 hxg4 30.hxg4 Rfe8
31.Rxe8+ Rxe8 32.Qa6  1/2-1/2

[Event "4NCL 2006-07"]
[Site "Sunningdale ENG"]
[Date "2005.09.17"]
[Round "2"]
[White "Povah,N"]
[Black "Williams,Sa"]
[Result "1/2-1/2"]
[WhiteElo "2358"]
[BlackElo "2245"]

1.d4 Nf6 2.Bg5 c5 3.d5 Qb6 4.Nc3 Qxb2 5.Bd2 Qb6 6.e4 d6 7.f4 Nbd7 8.Nf3 g6
9.e5 Ng4 10.Rb1 Qd8 11.e6 fxe6 12.Ng5 Ndf6 13.dxe6 a6 14.Nd5 Nxd5 15.Qxg4 Nf6
16.Qh3 Qc7 17.Bd3 Bg7 18.Nxh7 Nxh7 19.Bxg6+ Kd8 20.Bxh7 a5 21.Rb3 Qc6 22.Rg3 Bf6
23.c4 Qa4 24.Ra3 Qxc4 25.Rxa5 Rb8 26.Qd3  1/2-1/2

[Event "Geller mem Open A"]
[Site "Odessa UKR"]
[Date "2005.09.18"]
[Round "4"]
[White "Korobkov,P"]
[Black "Golubev,M"]
[Result "1-0"]
[WhiteElo "2400"]
[BlackElo "2517"]

1.d4 Nf6 2.Bg5 c5 3.Bxf6 gxf6 4.c3 d5 5.Nf3 Qb6 6.Qc2 cxd4 7.cxd4 Nc6 8.Nc3 Bf5
9.Qd2 O-O-O 10.e3 e5 11.Be2 Rg8 12.Kf1 Kb8 13.Na4 Qc7 14.Rc1 Bb4 15.Nc3 Qd7
16.Rg1 Be4 17.a3 Bxc3 18.Rxc3 Qd6 19.Rh1 Rde8 20.Nh4 exd4 21.exd4 Nxd4 22.Qxd4 Qf4
23.f3 Qxh4 24.fxe4 dxe4 25.Qf2 Qh6 26.Qe3 Rg5 27.Qf4+ Ree5 28.Ke1 Qf8 29.Rf1 Rxg2
30.Qxf6 Rd5 31.Qf4+ Rd6 32.Bg4 Rxg4 33.Qxg4 a6 34.Qf4 Qd8 35.Ke2 Ka7 36.Qe3+ Rb6
37.Rb3  1-0

[Event "Geller mem Open A"]
[Site "Odessa UKR"]
[Date "2005.09.20"]
[Round "6"]
[White "Korobkov,P"]
[Black "Shishkin,Va UKR"]
[Result "1/2-1/2"]
[WhiteElo "2400"]
[BlackElo "2507"]

1.d4 Nf6 2.Bg5 d5 3.e3 c5 4.c3 e6 5.Nf3 Nbd7 6.Nbd2 h6 7.Bh4 Be7 8.Bd3 b6
9.O-O O-O 10.Ne5 Bb7 11.f4 Ne4 12.Bxe7 Qxe7 13.Qc2 Nxe5 14.fxe5 Nxd2 15.Qxd2 f6
16.exf6 Rxf6 17.Rxf6 Qxf6 18.Rf1 Qe7 19.Qf2 Bc6 20.Qf4 Be8 21.h4 Rd8 22.g4 Qd6
23.Kg2 Qxf4 24.exf4 Bf7 25.Re1 Kf8 26.Kg3 Ke7 27.g5 Kd6 28.Kf2 Rh8 29.Kg3 Rc8
30.Rf1 Ke7 31.Re1 Kd6 32.Kg4 h5+ 33.Kf3 g6 34.dxc5+ bxc5 35.Ke3 Rb8 36.b3 a5
37.Rb1 Be8 38.Bc2 Rb7 39.Kd2 Rb8 40.a3 Ra8 41.Re1 Rb8 42.Rf1 Rb7 43.Ra1 Rb8
44.Ke3 Rb7 45.Re1 Rb6 46.Kd3 Rb7 47.Ra1 Rb8 48.Rb1 Ra8 49.Re1 Rb8 50.Rc1 Rb7
51.Rb1 Ra7 52.Rg1 Rb7 53.Kd2 Rb8 54.Kc1 Rb7 55.Kb2 Rb8 56.Re1 Bf7 57.Ra1 Be8
58.Kc1 Rb7 59.Kd2 Rb8 60.Rb1 Ra8 61.c4 Rb8 62.cxd5 exd5 63.Rf1 a4 64.bxa4 d4
65.f5 gxf5 66.Rxf5 Bd7 67.Rf6+ Ke5 68.Rh6 c4 69.g6 d3 70.g7 Rg8 71.Bxd3 cxd3
72.Rxh5+ Kf6 73.Kxd3 Rxg7 74.Rg5 Rh7 75.Rd5 Bf5+ 76.Kc3 Rxh4 77.Rd4 Rh3+
78.Kb4 Ke5 79.Rd8 Bd3 80.a5 Bf1 81.a4 Rh4+ 82.Kc5 Rc4+ 83.Kb6 Rxa4 84.Re8+ Kd6
85.Rd8+ Ke7 86.Rd1 Be2 87.Rd2 Re4 88.a6 Re6+ 89.Kc7 Bxa6 90.Rd7+ Kf8 91.Rd8+ Kg7
92.Rd7+  1/2-1/2

[Event "EYg16"]
[Site "Herceg Novi SCG"]
[Date "2005.09.21"]
[Round "7"]
[White "Paulet,I"]
[Black "Zhorzholiani,M"]
[Result "1-0"]
[WhiteElo "2142"]
[BlackElo "2019"]

1.d4 Nf6 2.Bg5 g6 3.Bxf6 exf6 4.g3 Bg7 5.Bg2 O-O 6.c4 d6 7.e3 c6 8.Nc3 Re8
9.Nge2 Nd7 10.O-O f5 11.b4 Nf6 12.b5 Ne4 13.Qc2 Qe7 14.a4 a5 15.Rab1 Ra7
16.bxc6 bxc6 17.Rb8 Rb7 18.Rb1 Rxb8 19.Rxb8 Nxf2 20.Kxf2 Qxe3+ 21.Kf1 Bxd4
22.Nd1 Qe5 23.Bxc6 Rf8 24.Rb5 Bc5 25.Qc3 Qe7 26.Nf4 Qa7 27.Rxa5 Qb8 28.Nd5 f6
29.Nxf6+ Rxf6 30.Qxf6  1-0